Statistiken für Ausschnitte der Landesflaggen #2

Klicken Sie hier um das Quiz zu spielen!

Allgemein

  • Dieses Quiz wurde 63 mal gespielt
  • Das Durchschnittsergebnis liegt bei 12 aus 15

Antwortstatistiken

Antwort% Korrekt
Israel
98%
Ägypten
97%
Bosnien und Herzegowina
97%
Estland
92%
Ghana
89%
Barbados
87%
Liechtenstein
87%
Madagaskar
82%
Myanmar
82%
Swasiland
79%
Turkmenistan
79%
Jamaika
74%
Iran
67%
Salomonen
64%
Grenada
54%

Verteilung der Resultate

Perzentil nach korrekt beantworteten Fragen

Anzahl Personen mit jedem Resultat

Ihre Resultats-Entwicklung

Sie haben dieses Quiz noch nicht gespielt